000 00372nam a2200169Ia 4500
005 20250425161552.0
008 250425s9999 xx 000 0 und d
041 _aeng
082 _aIBM4381
100 _aJEFFUS, LARRY F.
245 0 _aSAFETY FOR WELDERS
250 _aS.E.
260 _aS.L.
260 _aSin Pais
_bPERG
_c1980
942 _c01
010 _a23203
999 _c211778
_d211778